Представление документа в формате RUSMARC

ПолеНазваниеЗначение
  Тип записи a
  Библиографический уровень m
001 Контрольный номер RU/SLIB/B/208738619
005 Дата корректировки 20201206204047.9
010 Индекс ISBN __
d Цена 1076-00
101 Язык документа 0_
a Язык текста rus
200 Заглавие и сведения об ответственности 0_
a Заглавие Мебель для нашего дома
e Сведения, относящиеся к заглавию сделай сам
b Общее обозначение материала Текст
210 Выходные данные __
a Место издания М.
c Издательство Нива России
d Дата издания 1993
215 Физическое описание __
a Объем 288 с.
c Иллюстрации/тип воспроизводства ил.
606 Тематические рубрики __
a Основная рубрика Производство мебели
610 Ключевые слова __
a Ключевые слова изготовление мебели; ремонт мебели; работа с древесиной
686 Индексы других классификаций __
a Классификационный индекс 37.134.1; ст37.1
700 Автор _1
a Фамилия Бобиков
b Имя П. Д.
4 Код отношения 070
801 Источник записи _0
a Страна RU
b Организация Муниципальное бюджетное учреждение культуры "Централизованная библиотечная система" г. Сургут (Центральная городская библиотека им. А. С. Пушкина)
g Правила каталогизации КиК/Лебедева
801 Источник записи _1
a Страна RU
b Организация Муниципальное бюджетное учреждение культуры "Централизованная библиотечная система" г. Сургут (Центральная городская библиотека им. А. С. Пушкина)
g Правила каталогизации КиК/Лебедева
852 Данные о местонахождении __
j Шифр хранения 37.134.1
c Каталожный индекс 37.134.1
i Авторский знак Б 72
p Инвентарный номер 52295
901 Тип документа __
t Тип документа m
990 Данные о заказе (DOS) __
j Количество экземпляров (DOS) 3